• 首页
  • 本馆介绍
  • 公告通知
  • 最新文献
  • 馆藏检索
  • 电子资源
  • 读者导购
  • 参考咨询
  • 我的图书馆
  • 登录
  • 详细信息显示
  • 放入我的书架
  • 预约/预借图书
  • 作者相关作品
  • 分类相关作品
  • 丛书相关作品
  • 出版社相关作品

书目信息

  • 表格格式
  • 工作单格式
  • 卡片格式
题名:
雅思一月通
    
 
作者: 杨凡 编著
分册:   阅读胜典
出版信息: 北京   机械工业出版社  2014.08
页数: 336页
开本: 26cm
丛书名: 杨凡英语系列
单 册:
中图分类: H310.41 , H319.4
科图分类:
主题词: 英语--水平考试--自学参考资料 , 英语--阅读教学--水平考试--自学参考资料 , 英语 , 阅读教学
电子资源:
ISBN: 978-7-111-47452-4
000 01258oam2 2200325 450
001 0120141378085
005 20170911094716.12
010    @a978-7-111-47452-4@dCNY42.80
100    @a20140902d2014 em y0chiy0110 ea
101 0  @achi@aeng
102    @aCN@b110000
105    @ay z 000yy
106    @ar
200 1  @a雅思一月通@9ya si yi yue tong@i阅读胜典@f杨凡等编著
205    @a4版
210    @a北京@c机械工业出版社@d2014.08
215    @a336页@d26cm
225 2  @a杨凡英语系列
330    @a本书编者打破了传统的编排方法,按照考生一个月的备考时间进行编写,学习内容具体到每一天,且周六、周日没有安排学习内容,考生们可以利用周末的时间,把本周的内容复习一下。本书按照实际阅读考试的内容进行划分,第一周指导考生必会的雅思阅读解题技巧,第二周帮助考生检测自己的雅思阅读水平,并在第三周通过历年真题的讲解,让考生熟悉雅思阅读的出题思路,在第四周时,告诉考生雅思的阅读机经,让考生备考。
333    @a英语专业考生
461  0 @12001 @a杨凡英语系列
606 0  @a英语@x水平考试@j自学参考资料
606 0  @a英语@x阅读教学@x水平考试@j自学参考资料
606 0  @a英语
606 0  @a阅读教学
690    @aH310.41@v5
690    @aH319.4@v5
701  0 @a杨凡@9yang fan@4编著
801  0 @aCN@b人天书店@c20140902
905    @b1071770-75@dH310.41@e1661=4@f6
    
    雅思一月通.阅读胜典/杨凡等编著.-4版.-北京:机械工业出版社,2014.08
    336页;26cm.-(杨凡英语系列)
    使用对象:英语专业考生
    
    ISBN 978-7-111-47452-4:CNY42.80
    本书编者打破了传统的编排方法,按照考生一个月的备考时间进行编写,学习内容具体到每一天,且周六、周日没有安排学习内容,考生们可以利用周末的时间,把本周的内容复习一下。本书按照实际阅读考试的内容进行划分,第一周指导考生必会的雅思阅读解题技巧,第二周帮助考生检测自己的雅思阅读水平,并在第三周通过历年真题的讲解,让考生熟悉雅思阅读的出题思路,在第四周时,告诉考生雅思的阅读机经,让考生备考。
●
相关链接 在E读中查询图书 在五车中查询图书 在当当中查询图书 在豆瓣中查询图书


正题名:雅思一月通     索取号:H310.41/1661=4         预约/预借

序号 登录号 条形码 馆藏地/架位号 状态 备注
1 1071770   210717704   第二样本阅览室/ [索取号:H310.41/1661=4] 在馆    
2 1071771   210717713   密集书库—外国语学院/ [索取号:H310.41/1661=4] 在馆    
3 1071772   210717722   第四借阅区/ [索取号:H310.41/1661=4] 在馆    
4 1071773   210717731   第四借阅区/ [索取号:H310.41/1661=4] 在馆    
5 1071774   210717740   第四借阅区/ [索取号:H310.41/1661=4] 在馆    
6 1071775   210717759   第四借阅区/ [索取号:H310.41/1661=4] 在馆    
唐山师范学院图书馆 欢迎您!
大连网信软件有限公司© 版权所有